| 000 | 00741nam a22002057a 4500 | ||
|---|---|---|---|
| 999 |
_c13562 _d13562 |
||
| 003 | AR-CdUCM | ||
| 008 | 190415b ||||| |||| 00| 0 spa d | ||
| 040 |
_aMUNICIPALIDAD PROVINCIAL DEL CUSCO _cBIBLIOTECA MUNICIPAL DEL CUSCO |
||
| 082 |
_aC / 100 / _bM22 / 1950 |
||
| 100 |
_aManrique E. Fernando _932023 |
||
| 245 | _aTrayectoria filosófica del tiempo / | ||
| 260 |
_aCuzco : _bChaski, _c1950. |
||
| 300 |
_a97 páginas ; _c21 cm. |
||
| 505 | _aContenido : Epígrafe pascaliano -- El hombre una admiración interrogante -- El amazonas filosófico -- El carroussel problemático del tiempo ... | ||
| 650 |
_aFilosofía _9395 |
||
| 650 |
_aTiempo _919460 |
||
| 650 |
_aCusco _9772 |
||
| 942 |
_2ddc _cLIBROS |
||
| 945 |
_arah _d15/04/2019 |
||